ै Criticisms of classical political economy: Menger, Austrian economics and the German histori (Record no. 70127)

MARC details
000 -LEADER
fixed length control field 00448nam a2200157Ia 4500
008 - FIXED-LENGTH DATA ELEMENTS--GENERAL INFORMATION
fixed length control field 230917s9999||||xx |||||||||||||| ||und||
020 ## - ISBN
Price RS250
040 ## - CATALOGING SOURCE
-- 23716
Original cataloging agency VIVEKANANDA LIBRARY
041 ## - Language
-- English
082 ## - DDC NUMBER
Classification number -1BP 95.003
100 ## - MAIN ENTRY--PERSONAL NAME
Personal name cal schoolCampagno
245 #0 - TITLE STATEMENT
Title ै Criticisms of classical political economy: Menger, Austrian economics and the German histori
260 ## - PUBLICATION, DISTRIBUTION, ETC. (IMPRINT)
Place of publication, distribution, etc lo, Gi
Name of publisher, distributor, etc llesLondo
Date of publication, distribution, etc nRou
300 ## - PHYSICAL DESCRIPTION
Pages tledge201 p.
942 ## - ADDED ENTRY ELEMENTS (KOHA)
Koha item type Books
Holdings
Withdrawn status Lost status Damaged status Not for loan Location (home branch) Sublocation or collection (holding branch) Date acquired Koha issues (times borrowed) Koha full call number Accession No. Koha date last seen Koha item type
        VIVEKANANDA LIBRARY VIVEKANANDA LIBRARY 08/08/2002   -1BP 95.003 143437 17/09/2023 Books
© Designed and Maintained by Vivekananda Library, MDU Rohtak